ბათუმის შოთა რუსთაველის სახელმწიფო უნივერსიტეტის ბიბლიოთეკა

Жизнь двенадцати цезарей / (ბიბ.ჩანაწერი № 61001)

000 -LEADER
fixed length control field 00967nam a22001937a 4500
005 - DATE AND TIME OF LATEST TRANSACTION
control field 20231205152851.0
008 - FIXED-LENGTH DATA ELEMENTS--GENERAL INFORMATION
fixed length control field 231205s1991 ru ||||| |||| 00| 0 rus d
020 ## - INTERNATIONAL STANDARD BOOK NUMBER
International Standard Book Number 5253004122
041 ## - LANGUAGE CODE
Language code of text/sound track or separate title rus
080 ## - UNIVERSAL DECIMAL CLASSIFICATION NUMBER
Universal Decimal Classification number 94(37) C-24
100 ## - MAIN ENTRY--PERSONAL NAME
Personal name Светоний, Гай Транквилл
9 (RLIN) 20588
245 ## - TITLE STATEMENT
Title Жизнь двенадцати цезарей /
Statement of responsibility, etc. Гай Светоний Транквилл; Пер. с латин., предисл. и примеч. М.Л. Гаспарова
264 ## - PRODUCTION, PUBLICATION, DISTRIBUTION, MANUFACTURE, AND COPYRIGHT NOTICE
Place of production, publication, distribution, manufacture Москва :
Name of producer, publisher, distributor, manufacturer Правда,
Date of production, publication, distribution, manufacture, or copyright notice 1988.
300 ## - PHYSICAL DESCRIPTION
Extent 512 с.
Other physical details ил. ;
Dimensions 21 cm.
653 ## - INDEX TERM--UNCONTROLLED
keyword ძველი რომის ისტორია
653 ## - INDEX TERM--UNCONTROLLED
keyword რომის კეისართა ცხოვრება
700 ## - ADDED ENTRY--PERSONAL NAME
Personal name Гаспаров, М. Л.
Relator term მთარგმნელი, წინასიტყვაობის ავტორი, ბოლოსიტყვაობის ავტორი.
9 (RLIN) 20514
942 ## - ADDED ENTRY ELEMENTS (KOHA)
Source of classification or shelving scheme
Koha item type წიგნი
ეგზემპლარები
Withdrawn status Lost status Source of classification or shelving scheme Damaged status Not for loan Permanent Location Current Location Shelving location Date acquired Cost, normal purchase price Full call number Barcode Date last seen Copy number Uniform Resource Identifier Price effective from Koha item type Public note
          ბათუმის შოთა რუსთაველის სახელმწიფო უნივერსიტეტის მთავარი ბიბლიოთეკა ბათუმის შოთა რუსთაველის სახელმწიფო უნივერსიტეტის მთავარი ბიბლიოთეკა წიგნსაცავი 2023-12-05 7.00 94(37) C-24 65529 2023-12-05 65529 ბსუ-ს საპატიო დოქტორის გურამ ლორთქიფანიძის საჩუქარი 2023-12-05 წიგნი 7 ლ.